Ballast plc v The Burrell Company (Construction Management) Ltd (Record no. 72367)

MARC details
000 -LEADER
fixed length control field 01379cam a2200205 4500
001 - CONTROL NUMBER
control field ABS66490
008 - FIXED-LENGTH DATA ELEMENTS--GENERAL INFORMATION
fixed length control field 030327n2003 000 0 eng u
035 ## - SYSTEM CONTROL NUMBER
System control number (Sirsi) u121763
245 ## - TITLE STATEMENT
Title Ballast plc v The Burrell Company (Construction Management) Ltd
260 ## - PUBLICATION, DISTRIBUTION, ETC.
Date of publication, distribution, etc. 2003
520 ## - SUMMARY, ETC.
Summary, etc. SIH 17 December 2002. An adjudicator had erred in law by failing to determine a dispute between the parties arising out of a Standard JCT MC 1998. The adjudicator had been asked to determine the dispute in the notice of dispute, however he had considered that his powers were limited to considering the strict contractual terms between the parties. He was obliged to consider the 'whole dispute' and had failed to do so, and had therefore misconstrued what he was being asked to do. Adjudication held to be null and void. See also (SOH WB3738-01). View judgment at http://www.scotcourts.gov.uk
590 ## - LOCAL NOTE (RLIN)
Local note ABS
650 ## - SUBJECT ADDED ENTRY--TOPICAL TERM
Topical term or geographic name entry element BALLAST PLC V THE BURRELL COMPANY (CONSTRUCTION MANAGEMENT) LTD
650 ## - SUBJECT ADDED ENTRY--TOPICAL TERM
Topical term or geographic name entry element HOUSING GRANTS, CONSTRUCTION AND REGENERATION ACT 1996 S108
650 ## - SUBJECT ADDED ENTRY--TOPICAL TERM
Topical term or geographic name entry element SCHEME FOR CONSTRUCTION CONTRACTS (SCOTLAND) REGULATIONS 1998
650 ## - SUBJECT ADDED ENTRY--TOPICAL TERM
Topical term or geographic name entry element MANAGEMENT-DISPUTE AVOIDANCE, MANAGEMENT AND RESOLUTION-DISPUTE MANAGEMENT AND RESOLUTION-ALTERNATIVE DISPUTE RESOLUTION-ADJUDICATION
650 ## - SUBJECT ADDED ENTRY--TOPICAL TERM
Topical term or geographic name entry element NOTICE OF DISPUTE
690 ## - LOCAL SUBJECT ADDED ENTRY--TOPICAL TERM (OCLC, RLIN)
Topical term or geographic name as entry element BUILDING AND CONSTRUCTION-CASE LAW
942 ## - ADDED ENTRY ELEMENTS (KOHA)
Suppress in OPAC 0
Holdings
Withdrawn status Lost status Source of classification or shelving scheme Damaged status Not for loan Home library Current library Shelving location Date acquired Total Checkouts Full call number Barcode Date last seen Copy number Price effective from Koha item type
    Dewey Decimal Classification     London London Journal article 27/03/2003   ABS66490 121763-1001 06/08/2019 1 06/08/2019 Law report